| 000 | 00593nam a22001937a 4500 | ||
|---|---|---|---|
| 003 | 0 | ||
| 005 | 20230830145554.0 | ||
| 008 | 230830b xxu||||| |||| 00| 0 eng d | ||
| 020 | _a978-621-409-189-8 | ||
| 050 |
_aP 90 _b.Af37 2022 |
||
| 100 | _aAfrica, Augusto C. | ||
| 245 |
_aPurposive communication in the now _cAugusto C. Africa |
||
| 260 |
_aMandaluyong City _bBooks Atbp. Publishing Corp. _cc2022. |
||
| 300 |
_axvi, 210 pages : _bill. ; _c23cm. |
||
| 500 | _aCommunication. | ||
| 504 | _aIncludes bibliographical references. | ||
| 600 | _aAugusto C. Africa | ||
| 942 |
_2lcc _cBK |
||
| 999 |
_c365234 _d365234 |
||